Idioms for Happiness - Statistics

General Stats
  • This quiz has been taken 39,954 times
  • The average score is 11 of 16
Answer Stats
Idiom % Correct
On top of the {world}
95%
On cloud {nine}
94%
Had the time of one's {life}
92%
{Grinning} from ear to ear
91%
Walking on {air}
90%
Jumping for {joy}
89%
Happy as a {pig} in mud
87%
In seventh {heaven}
86%
Happy go {lucky}
85%
Over the {moon}
81%
Tickled {pink}
67%
Thrilled to {bits}
47%
{Pleased} as punch
37%
Life is a bowl of {cherries}
32%
{Beside} oneself with joy
18%
{Stars} in one's eyes
18%
No matching quizzes found
Score Distribution
Percent of People with Each Score
Percentile by Number Answered
Your Score History
You have not taken this quiz